000 00574nam a2200241 a 4500
001 nice12345678
003 IN_TiNIC
005 20260116011333.0
008 050524s1962 lona grp 000 0 eng
020 _a
_c0
082 0 0 _a954.91
_bWIL
100 _aWilliams, Rushbrook L F
245 _aState of Pakistan
260 _aLondon
_bFaber and Faber Limited
_c1962
300 _a254p
500 _aincludes index and biblioraphy
505 2 _aIndex
650 _aPakistan
700 1 _aWilliams, Rushbrook L F
902 _bSRS
942 _cBK
999 _c627
_d627